| 000 | 00540nam a22001577a 4500 | ||
|---|---|---|---|
| 999 |
_c18696 _d18696 |
||
| 008 | 240118b ||||| |||| 00| 0 eng d | ||
| 020 | _a9786214182671 | ||
| 082 |
_22023 _aDFil 363.25 _bG165 |
||
| 100 |
_aGarcia, Mario Baesa. _912300 |
||
| 245 |
_aThe focus of special crime investigation / _cMario Baesa Garcia. |
||
| 260 |
_aQuezon City : _bWiseman's Books Trading, Inc., _c©2023. |
||
| 300 |
_avi, 157 pages : _billustrations ; _c22 cm. |
||
| 500 | _aIncludes references. | ||
| 650 |
_aCriminal investigation. _950738 |
||
| 942 |
_2ddc _cDFIL |
||